Olympics Quiz - Statistics

General Stats
  • This quiz has been taken 5 times
  • The average score is 11 of 25
Answer Stats
Hint Answer % Correct
The city the first ever Olympics were held in Athens
100%
The only south american country to host the Olympics Brazil
100%
Country that was banned from participating in 1920, 1924 and 1948 Germany
100%
First non-greek city to host the Olympic games Paris
100%
Most decorated Olympian Michael Phelps
80%
Year where these Olympics were held 1924
60%
City that hosted both the Summer and Winter games Beijing
60%
The city the first Winter Olympics were held in Chamonix
60%
City where the IOC is located Lausanne
60%
Country that won the most Winter Olympic medals Norway
60%
Frenchman who invented the modern Olympic Games Pierre de Coubertin
60%
Black athlete who shocked the Nazis in 1936 Jessie Owens
40%
The ... Massacre Munich
40%
City that hosted the first Olympics of the 21st Century Sydney
40%
First country to win an Olympic gold medal United States
40%
He won the 1960 Olympic marathon running barefoot Abebe Bikila
20%
Continent represented by the red Olympic ring America
20%
Suspended due to a global pandemic Tokyo 2020
20%
2034 Winter Olympics host state Utah
20%
Same question for the Summer Olympics Breakdancing
0%
11 year old athlete at the 2024 olympics Haohao Zheng
0%
President of the Olympic Comittee (2026) Kirsty Coventry
0%
Brand that made the 2024 Olympic medals Louis Vitton
0%
Last sport to be added to the Winter Olympics Ski Mountaineering
0%
Country the person above is from Zimbabwe
0%
No matching quizzes found
Score Distribution
Percent of People with Each Score
Percentile by Number Answered
Your Score History
You have not taken this quiz